Obchodní zákoník. 2. Úplné znění s komentářem.

Dokončenie časti II, hlavy I. Hlava II: Družstvo. Časť tretia: Obchodné záväzkové vzťahy. Hlava I: Všeobecné ustanovenia. Predmet právnej úpravy a jej povaha. Niektoré ustanovenia o právnych úkonoch a o uzatváraní zmluvy. Zmluva o uzatvorení budúcej zmluvy. Zabezpečenie záväzku. Zánik záväzku jeho s...

ver descrição completa

Na minha lista:
Detalhes bibliográficos
Autor principal: Faldyna, F.
Formato: Capítulo de Livro
Idioma:tcheco
Assuntos:
Tags: Adicionar Tag
Sem tags, seja o primeiro a adicionar uma tag!

MARC

LEADER 00000naa a2200000 4500
001 r007004
005 20220831083911.6
041 0 |a cze 
044 |a [CS] 
245 1 0 |a Obchodní zákoník. 2.  |b Úplné znění s komentářem.  |c F. Faldyna 
520 |a Dokončenie časti II, hlavy I. Hlava II: Družstvo. Časť tretia: Obchodné záväzkové vzťahy. Hlava I: Všeobecné ustanovenia. Predmet právnej úpravy a jej povaha. Niektoré ustanovenia o právnych úkonoch a o uzatváraní zmluvy. Zmluva o uzatvorení budúcej zmluvy. Zabezpečenie záväzku. Zánik záväzku jeho splnením. Niektoré ustanovenia o zániku nesplneného záväzku. 
610 2 0 |a právo obchodné 
610 2 0 |a družstvá 
610 2 0 |a zmluvy obchodné 
610 2 0 |a zákony 
610 2 0 |a zabezpečenie záväzkov 
610 2 0 |a záväzky hospodárske 
610 2 0 |a vzťahy obchodné záväzkové 
610 2 0 |a spoločnosti akciové 
610 2 0 |a rady dozorné 
100 1 |a Faldyna, F.